000 00405nam a22001457a 4500
005 20170809092951.0
008 170809b xxu||||| |||| 00| 0 eng d
040 _cPK-LaUMT
082 _aZIAC 297.010955
_bIQB-T
100 _aIqbal , Muhammad
245 _aTatoor ul fikar ul falsafi fi Iran/
_cMuhammad Iqbal
260 _aایران:
_bالدار الفنیۃ،
_c1989
300 _a162 ص
942 _cBK
999 _c96749
_d96749